Luật giao thông đường bộ: Bao gồm những văn bản mới nhất
Nội dung quyển sách là luật giao thông đường bộ. Luật này qui định những quy tắc giao thông đường bộ; Các điều kiện đảm bảo an toàn giao thông đường bộ của kết cấu hạ tầng, phương tiện và người tham gia giao thông đường bộ, hoạt động...
Saved in:
| Format: | Book |
|---|---|
| Language: | Undetermined |
| Published: |
Hà Nội
Công an nhân dân
2007
|
| Subjects: | |
| Tags: |
Add Tag
No Tags, Be the first to tag this record!
|
| Institutions: | Trung tâm Học liệu Trường Đại học Cần Thơ |
|---|
| LEADER | 01105nam a2200217Ia 4500 | ||
|---|---|---|---|
| 001 | CTU_135052 | ||
| 008 | 210402s9999 xx 000 0 und d | ||
| 020 | |c 27000 | ||
| 082 | |a 343.597094 | ||
| 082 | |b L504 | ||
| 245 | 0 | |a Luật giao thông đường bộ: | |
| 245 | 0 | |b Bao gồm những văn bản mới nhất | |
| 260 | |a Hà Nội | ||
| 260 | |b Công an nhân dân | ||
| 260 | |c 2007 | ||
| 520 | |a Nội dung quyển sách là luật giao thông đường bộ. Luật này qui định những quy tắc giao thông đường bộ; Các điều kiện đảm bảo an toàn giao thông đường bộ của kết cấu hạ tầng, phương tiện và người tham gia giao thông đường bộ, hoạt động vận tải đường bộ. | ||
| 650 | |a Trung tâm Học liệu ĐH Cần Thơ,Traffic regulations,Traffic safety | ||
| 650 | |x Luật giao thông đường bộ | ||
| 650 | |z Vietnam,Vietnam | ||
| 904 | |i Năm | ||
| 980 | |a Trung tâm Học liệu Trường Đại học Cần Thơ | ||